| 000 | 00549nam a22001937a 4500 | ||
|---|---|---|---|
| 003 | LK-CoDNM | ||
| 005 | 20250205143010.0 | ||
| 008 | 250205b |||||||| |||| 00| 0 eng d | ||
| 040 |
_aLK-CoDNM _dLK-CoDNM _eLK-CoDNM |
||
| 041 | _aeng | ||
| 080 |
_a75 _bD12 |
||
| 100 | _aBaker,E.C.Stuart | ||
| 245 | _aThe Fauna of British India including Ceylon and Burma Volume I | ||
| 260 |
_aLondon _bTaylor and Francis, Red lion court,Fleet street _c1922 |
||
| 300 | _axxiii, 479p. : ill ; 22 cm | ||
| 650 | _aAnimals | ||
| 650 | _aBirds | ||
| 942 | _cBK | ||
| 999 |
_c237798 _d237798 |
||